000 00960nam a22002297a 4500
005 20250501141619.0
008 250501b |||||||| |||| 00| 0 eng d
020 _a978-93-89191-28-8 (hbk)
037 _cTB
040 _aCRL
_cCRL
041 _2hin
_ahin
084 _aO152,1J03x Q9
_qCRL
245 _aमीराँ - माधुरी
260 _aदिल्ली, भारत:
_bअनन्य प्रकाशन:
_c2019.
300 _a303पृ0
365 _b650.00
_cINR
650 _aहिन्दी कविता
650 _aहिन्दी साहित्य
700 _aदास, ब्रजरत्न
_eसंपादक
_9753673
942 _2CC
_cTB
_hO152,1J03x Q9
_n0
999 _c1309894
_d1309894